[Event "Serbia op-A"]
[Site "Belgrade"]
[Date "2025.07.22"]
[Round "8"]
[White "Konjevic, Nikola"]
[Black "Potluri, Saye Srreezza"]
[Result "1/2-1/2"]
[WhiteElo "2212"]
[BlackElo "1969"]
[PlyCount "64"]
[EventDate "2025.07.14"]
[EventType "swiss"]
[EventRounds "9"]
[EventCountry "SRB"]
[SourceTitle "CB30_2025"]
[SourceDate "2025.07.23"]
[SourceVersion "1"]
[SourceVersionDate "2025.07.23"]
[SourceQuality "1"]

1. e4 e5 2. Nf3 Nc6 3. Bb5 a6 4. Ba4 Nf6 5. 0-0 Nxe4 6. d4 b5 7. Bb3 d5 8. dxe5 Be6 9. Nbd2 Nc5 10. c3 Be7 11. Bc2 d4 12. Nb3 d3 13. Bb1 Nxb3 14. axb3 Bf5 15. Re1 0-0 16. Bf4 Qd7 17. h3 Rfd8 18. b4 a5 19. bxa5 Rxa5 20. Rxa5 Nxa5 21. e6 fxe6 22. g4 Bg6 23. Ne5 Qd5 24. Nxg6 hxg6 25. Bxc7 d2 26. Rf1 Nc4 27. Bxd8 Nxb2 28. Qc2 Qxd8 29. Qxb2 d1Q 30. Rxd1 Qxd1+ 31. Kg2 Qd5+ 32. Kg1 Qd1+ 1/2-1/2

[Event "Serbia op-A"]
[Site "Belgrade"]
[Date "2025.07.14"]
[Round "3"]
[White "Potluri, Saye Srreezza"]
[Black "Yildiz, Ali Aras"]
[Result "1-0"]
[WhiteElo "1969"]
[BlackElo "2089"]
[PlyCount "73"]
[EventDate "2025.07.14"]
[EventType "swiss"]
[EventRounds "9"]
[EventCountry "SRB"]
[SourceTitle "CB30_2025"]
[SourceDate "2025.07.23"]
[SourceVersion "1"]
[SourceVersionDate "2025.07.23"]
[SourceQuality "1"]

1. e4 c5 2. Nf3 d6 3. d4 cxd4 4. Nxd4 Nf6 5. Nc3 g6 6. Be3 Nc6 7. f3 h5 8. Qd2 Nxd4 9. Qxd4 Bg7 10. Bc4 0-0 11. Qd2 Be6 12. Bxe6 fxe6 13. 0-0 Qa5 14. Qe1 Rac8 15. Qg3 Kh7 16. Ne2 e5 17. c3 Qb5 18. Rfe1 e6 19. b3 d5 20. exd5 exd5 21. Rad1 Rce8 22. Rd2 Qa5 23. Red1 Qa6 24. Qe1 e4 25. f4 Ng4 26. Nd4 Bxd4 27. Rxd4 Nxe3 28. Qxe3 Qxa2 29. c4 Rf5 30. cxd5 Ref8 31. Rxe4 Qc2 32. Rc1 Qb2 33. Rc7+ Kh6 34. h3 Qa1+ 35. Kh2 Qf1 36. d6 Rd8 37. Qd4 1-0

[Event "Barcelona Sant Marti op-A 24th"]
[Site "Barcelona"]
[Date "2024.07.20"]
[Round "8"]
[White "Potluri, Saye Srreezza"]
[Black "Sole Pijuan, Ferran"]
[Result "0-1"]
[WhiteElo "2060"]
[BlackElo "2148"]
[PlyCount "64"]
[EventDate "2024.07.13"]
[EventType "swiss"]
[EventRounds "9"]
[EventCountry "ESP"]
[SourceTitle "CBM 221 Extra"]
[Source "ChessBase"]
[SourceDate "2024.09.30"]
[SourceVersion "1"]
[SourceVersionDate "2024.09.30"]
[SourceQuality "1"]

1. e4 e5 2. Nf3 Nc6 3. Bb5 a6 4. Ba4 Nf6 5. 0-0 Be7 6. Re1 b5 7. Bb3 d6 8. c3 0-0 9. h3 Na5 10. Bc2 c5 11. d4 Qc7 12. d5 c4 13. Nbd2 Nb7 14. Nf1 Ne8 15. Ng3 g6 16. a4 bxa4 17. Qe2 Na5 18. Nd2 Ng7 19. Ngf1 Nh5 20. Ne3 Nf4 21. Qf1 Bd7 22. Bxa4 Bb5 23. Bc2 Rac8 24. g3 Nh5 25. Bd1 Ng7 26. f4 exf4 27. gxf4 Bh4 28. Re2 Rce8 29. Nf3 Bd8 30. e5 Nb3 31. Rb1 Qc5 32. Kh1 Nh5 0-1

[Event "Barcelona Sant Marti op-A 24th"]
[Site "Barcelona"]
[Date "2024.07.18"]
[Round "6"]
[White "Potluri, Saye Srreezza"]
[Black "Brzezinski, Adam"]
[Result "1/2-1/2"]
[WhiteElo "2060"]
[BlackElo "2166"]
[PlyCount "83"]
[EventDate "2024.07.13"]
[EventType "swiss"]
[EventRounds "9"]
[EventCountry "ESP"]
[SourceTitle "CBM 221 Extra"]
[Source "ChessBase"]
[SourceDate "2024.09.30"]
[SourceVersion "1"]
[SourceVersionDate "2024.09.30"]
[SourceQuality "1"]

1. e4 e6 2. d4 d5 3. Nc3 Bb4 4. e5 c5 5. a3 Bxc3+ 6. bxc3 Qa5 7. Bd2 Qa4 8. Qg4 Kf8 9. h4 Ne7 10. h5 h6 11. Qf4 Qxc2 12. Rh3 Qe4+ 13. Qxe4 dxe4 14. Ne2 b6 15. dxc5 Nd7 16. cxb6 axb6 17. Bf4 Nd5 18. Bh2 Ba6 19. Nf4 Bxf1 20. Kxf1 Ke7 21. Nxd5+ exd5 22. f4 Rhc8 23. g4 Rc4 24. Bg1 Rca4 25. Bd4 Rxa3 26. Rxa3 Rxa3 27. e6 Nf8 28. exf7 Kxf7 29. Bxb6 Ne6 30. f5 Ng5 31. Re3 Nf3 32. Kf2 Ne5 33. Kg3 Nc4 34. Bc5 Rb3 35. Re1 Rxc3+ 36. Kg2 Rd3 37. Ra1 Ne5 38. Ra7+ Kf6 39. Be7+ Kf7 40. Bd6+ Kf6 41. Be7+ Kf7 42. Bd6+ 1/2-1/2

[Event "Barcelona Sant Marti op-A 24th"]
[Site "Barcelona"]
[Date "2024.07.15"]
[Round "3"]
[White "Peng, Tianlu"]
[Black "Potluri, Saye Srreezza"]
[Result "1/2-1/2"]
[WhiteElo "1926"]
[BlackElo "2060"]
[PlyCount "57"]
[EventDate "2024.07.13"]
[EventType "swiss"]
[EventRounds "9"]
[EventCountry "ESP"]
[SourceTitle "CBM 221 Extra"]
[Source "ChessBase"]
[SourceDate "2024.09.30"]
[SourceVersion "1"]
[SourceVersionDate "2024.09.30"]
[SourceQuality "1"]

1. e4 e5 2. Nf3 Nc6 3. Bb5 a6 4. Ba4 Nf6 5. 0-0 b5 6. Bb3 Bc5 7. Nxe5 Nxe5 8. d4 Bxd4 9. Qxd4 d6 10. Qd1 Bb7 11. Nc3 0-0 12. Re1 Re8 13. Bf4 h6 14. Qd2 Ng6 15. f3 Nxf4 16. Qxf4 Qe7 17. Rad1 Qe5 18. Qxe5 Rxe5 19. f4 Re7 20. Bd5 Bxd5 21. Nxd5 Nxd5 22. exd5 Rae8 23. Rxe7 Rxe7 24. Kf2 Re4 25. Kf3 f5 26. Rd3 b4 27. a3 a5 28. axb4 Rxb4 29. b3 1/2-1/2

[Event "Pozarevac Rudar IM-B 01"]
[Site "Pozarevac"]
[Date "2024.02.06"]
[Round "8.2"]
[White "Lu, Miaoyi"]
[Black "Potluri, Saye Srreezza"]
[Result "0-1"]
[WhiteElo "2252"]
[BlackElo "1983"]
[PlyCount "122"]
[EventDate "2024.01.31"]
[EventType "tourn"]
[EventRounds "9"]
[EventCountry "SRB"]
[SourceTitle "CBM 218 Extra"]
[Source "ChessBase"]
[SourceDate "2024.03.31"]
[SourceVersion "1"]
[SourceVersionDate "2024.03.31"]
[SourceQuality "1"]
[WhiteTeam "TIeam B"]
[BlackTeam "TIeam D"]
[WhiteTeamCountry "SRB"]
[BlackTeamCountry "SRB"]

1. e4 e5 2. Nf3 Nc6 3. Bb5 a6 4. Ba4 Nf6 5. 0-0 Be7 6. d3 b5 7. Bb3 d6 8. c3 0-0 9. h3 h6 10. a4 Bb7 11. axb5 axb5 12. Rxa8 Qxa8 13. Nh4 Nxe4 14. Nf5 Nf6 15. Qf3 Nd4 16. Nxe7+ Kh7 17. Qd1 Nxb3 18. Qxb3 Bxg2 19. Nd2 Bxh3 20. f3 c6 21. Qa3 Qd8 22. Nxc6 Qb6+ 23. Rf2 Qxc6 24. Ne4 Nxe4 25. dxe4 Be6 26. Qa7 d5 27. Qe3 d4 28. cxd4 exd4 29. Qe1 f5 30. Bf4 g5 31. Be5 Qc5 32. f4 d3 33. b4 Qc4 34. fxg5 hxg5 35. Rh2+ Kg8 36. Qe3 f4 37. Rh8+ Kf7 38. Qa7+ Ke8 39. Qb8+ Qc8 40. Qxb5+ Kf7 41. Rh7+ Kg6 42. Rg7+ Kh6 43. Bc3 Bf5 44. Qe5 Qe6 45. Qc5 Rc8 46. Rc7 Rxc7 47. Qxc7 Bxe4 48. Qg7+ Kh5 49. Qh8+ Kg4 50. Qd4 Bf5 51. Bd2 Qe2 52. Qf2 Qd1+ 53. Kh2 Be4 54. Be1 Qe2 55. Kg1 Kh3 56. Qf1+ Qxf1+ 57. Kxf1 g4 58. b5 g3 59. Kg1 f3 60. b6 f2+ 61. Bxf2 d2 0-1

[Event "Pozarevac Rudar IM 01"]
[Site "Pozarevac"]
[Date "2024.01.28"]
[Round "7.2"]
[White "Ilincic, Aleksa"]
[Black "Potluri, Saye Srreezza"]
[Result "1-0"]
[WhiteElo "2219"]
[BlackElo "1983"]
[PlyCount "103"]
[EventDate "2024.01.24"]
[EventType "tourn"]
[EventRounds "9"]
[EventCountry "SRB"]
[SourceTitle "CBM 218 Extra"]
[Source "ChessBase"]
[SourceDate "2024.03.31"]
[SourceVersion "1"]
[SourceVersionDate "2024.03.31"]
[SourceQuality "1"]
[WhiteTeam "Team C"]
[BlackTeam "Team D"]
[WhiteTeamCountry "SRB"]
[BlackTeamCountry "SRB"]

1. e4 e5 2. Nf3 Nc6 3. d4 exd4 4. Nxd4 Nf6 5. Nxc6 bxc6 6. e5 Qe7 7. Qe2 Nd5 8. c4 Ba6 9. Nd2 g6 10. Nf3 Bg7 11. Bg5 f6 12. exf6 Qxe2+ 13. Bxe2 Nxf6 14. 0-0-0 0-0-0 15. Nd2 Rde8 16. Bf3 c5 17. Rde1 Bb7 18. Bxb7+ Kxb7 19. f3 d6 20. Kc2 Nd7 21. b3 h6 22. Bh4 Ne5 23. Ne4 Nc6 24. Bf6 Bxf6 25. Nxf6 Ref8 26. Nd5 Re8 27. Kc3 Rhf8 28. h4 Nd4 29. Kd3 Nf5 30. Rxe8 Rxe8 31. h5 c6 32. Nf6 Re6 33. Ne4 g5 34. g4 Nh4 35. f4 Nf3 36. f5 Ne5+ 37. Kc3 Re7 38. Nxd6+ Kc7 39. Ne4 Nxg4 40. Nxc5 Re3+ 41. Kb4 Rf3 42. Rd1 Nf6 43. Ne6+ Kb7 44. Ng7 g4 45. Rd6 Ne4 46. Rxh6 Ng3 47. Rg6 Nxf5 48. Rxg4 Nxg7 49. Rxg7+ Kb6 50. Rg5 Rh3 51. a4 Ka6 52. Kc5 1-0

[Event "Pozarevac Rudar IM 01"]
[Site "Pozarevac"]
[Date "2024.01.28"]
[Round "6.3"]
[White "Potluri, Saye Srreezza"]
[Black "Novikova, Anna"]
[Result "1/2-1/2"]
[WhiteElo "1983"]
[BlackElo "2232"]
[PlyCount "168"]
[EventDate "2024.01.24"]
[EventType "tourn"]
[EventRounds "9"]
[EventCountry "SRB"]
[SourceTitle "CBM 218 Extra"]
[Source "ChessBase"]
[SourceDate "2024.03.31"]
[SourceVersion "1"]
[SourceVersionDate "2024.03.31"]
[SourceQuality "1"]
[WhiteTeam "Team D"]
[BlackTeam "Team C"]
[WhiteTeamCountry "SRB"]
[BlackTeamCountry "SRB"]

1. e4 c5 2. Nf3 g6 3. d4 cxd4 4. Nxd4 Bg7 5. c4 Nc6 6. Be3 d6 7. Nc3 Nf6 8. f3 0-0 9. Be2 Bd7 10. 0-0 Nxd4 11. Bxd4 Bc6 12. Kh1 Nd7 13. Bxg7 Kxg7 14. b4 b6 15. Qd4+ Kg8 16. f4 Qc7 17. Rac1 a5 18. Nd5 Bxd5 19. cxd5 Qa7 20. a3 axb4 21. axb4 b5 22. Qd2 Rfb8 23. Rc6 Qa2 24. Rc2 Qb3 25. Rfc1 Ra4 26. Rb2 Qa3 27. h3 Qg3 28. Bd1 Ra3 29. Rbc2 Re3 30. Bg4 Nf6 31. Rc3 Rxc3 32. Rxc3 Nxe4 33. Rxg3 Nxd2 34. Ra3 f5 35. Be2 Ne4 36. Bf3 Nf6 37. Ra5 Kf7 38. Kg1 h6 39. Kf2 g5 40. fxg5 hxg5 41. Ke3 e5 42. dxe6+ Kxe6 43. Kd4 Rb6 44. Bd1 Ne8 45. Bb3+ Kd7 46. Ra7+ Nc7 47. Bc2 f4 48. Bf5+ Kd8 49. Be4 Ra6 50. Rxa6 Nxa6 51. Bc6 Nxb4 52. Bxb5 Nc2+ 53. Ke4 Ke7 54. h4 Kf6 55. hxg5+ Kxg5 56. Bc6 Kg4 57. Bb7 Ne3 58. Bc8+ Kg3 59. Bh3 d5+ 60. Ke5 d4 61. Ke4 Nc2 62. Kd3 Ne1+ 63. Kxd4 Nxg2 64. Bd7 f3 65. Bc6 f2 66. Bb5 Ne1 67. Ke3 Nc2+ 68. Kd2 Nd4 69. Ba6 Kf3 70. Bb7+ Kf4 71. Ba6 Nf3+ 72. Ke2 Kg3 73. Ke3 Kg2 74. Bb5 Ne5 75. Ba6 Ng4+ 76. Kf4 Nf6 77. Ke3 Nd5+ 78. Kd2 Nb4 79. Bb5 Kf3 80. Kc3 Nd5+ 81. Kd2 Ne3 82. Ba6 Ke4 83. Bb5 Kd4 84. Ba6 Ke4 1/2-1/2

[Event "Monsaraz op"]
[Site "Monsaraz"]
[Date "2023.11.21"]
[Round "1"]
[White "Potluri, Saye Srreezza"]
[Black "Martinez Ramirez, Lennis"]
[Result "0-1"]
[WhiteElo "1871"]
[BlackElo "2461"]
[PlyCount "45"]
[EventDate "2023.11.21"]
[EventType "swiss"]
[EventRounds "9"]
[EventCountry "POR"]
[SourceTitle "CBM 217 Extra"]
[Source "ChessBase"]
[SourceDate "2024.01.31"]
[SourceVersion "1"]
[SourceVersionDate "2024.01.31"]
[SourceQuality "1"]

1. Nf3 Nf6 2. g3 b5 3. Bg2 Bb7 4. d4 e6 5. 0-0 c5 6. a4 b4 7. c3 Na6 8. h3 Be7 9. Nbd2 0-0 10. Re1 Rc8 11. e4 bxc3 12. bxc3 cxd4 13. cxd4 Nb4 14. Rb1 d5 15. e5 Ne4 16. Nxe4 dxe4 17. Nh2 Rc4 18. Bxe4 Rxd4 19. Qf3 Rxe4 20. Rxe4 Qd5 21. Re3 Qd8 22. Re4 Bd5 23. Re1 0-1

[Event "IND-ch (Women) 48th"]
[Site "Hatkanangale"]
[Date "2023.01.03"]
[Round "9"]
[White "Potluri, Saye Srreezza"]
[Black "Patil, Divya"]
[Result "1/2-1/2"]
[WhiteElo "2024"]
[BlackElo "1559"]
[PlyCount "72"]
[EventDate "2022.12.26"]
[EventType "swiss"]
[EventRounds "11"]
[EventCountry "IND"]
[SourceTitle "CBM 212 Extra"]
[Source "ChessBase"]
[SourceDate "2023.03.31"]
[SourceVersion "1"]
[SourceVersionDate "2023.03.31"]
[SourceQuality "1"]

1. d4 d5 2. c4 c6 3. Nf3 Nf6 4. g3 e6 5. Bg2 Be7 6. 0-0 0-0 7. b3 Nbd7 8. Bb2 b6 9. Nbd2 Bb7 10. Ne5 Nxe5 11. dxe5 Nd7 12. f4 f5 13. exf6 Nxf6 14. e4 dxc4 15. Nxc4 c5 16. Qe2 b5 17. Rad1 Qc7 18. Be5 Qc8 19. Bd6 bxc4 20. Bxe7 cxb3 21. Bxf8 Ba6 22. Qf3 Bxf1 23. Rxf1 Qxf8 24. Qxb3 Re8 25. e5 Ng4 26. h3 c4 27. Qb5 Ne3 28. Rf3 Rb8 29. Qd7 Nxg2 30. Qxe6+ Kh8 31. Kxg2 Rb2+ 32. Rf2 Qa8+ 33. Kg1 Rb1+ 34. Rf1 Rb2 35. Rf2 Rb1+ 36. Rf1 Rb2 1/2-1/2

[Event "Hofheim Spring op 6th"]
[Site "Hofheim"]
[Date "2018.04.06"]
[Round "6"]
[White "Jansen, Dirk Norbert"]
[Black "Potluri, Saye Srreezza"]
[Result "1/2-1/2"]
[WhiteElo "2174"]
[BlackElo "1917"]
[PlyCount "76"]
[EventDate "2018.04.03"]
[EventType "swiss"]
[EventRounds "9"]
[EventCountry "GER"]
[SourceTitle "CBM 183 Extra"]
[Source "ChessBase"]
[SourceDate "2018.04.19"]
[SourceVersion "1"]
[SourceVersionDate "2018.04.19"]
[SourceQuality "1"]

1. e4 e5 2. Nf3 Nc6 3. d4 exd4 4. Nxd4 Nf6 5. Nxc6 bxc6 6. e5 Qe7 7. Qe2 Nd5 8. c4 Nb6 9. Nd2 g6 10. Ne4 Bg7 11. Nf6+ Bxf6 12. exf6 Qxe2+ 13. Bxe2 a5 14. Bh6 Ba6 15. 0-0-0 0-0-0 16. b3 Rhe8 17. Bg4 Kb8 18. Rhe1 Bc8 19. Re7 Rxe7 20. fxe7 Re8 21. Bg5 d5 22. Bxc8 Kxc8 23. Kb2 a4 24. g4 axb3 25. axb3 Kd7 26. Rd3 h6 27. Bxh6 Rxe7 28. c5 Re2+ 29. Rd2 Rxd2+ 30. Bxd2 Nc8 31. Kc3 Ke6 32. Bf4 Na7 33. Kd3 Nb5 34. h4 f5 35. h5 fxg4 36. h6 Kf7 37. Ke3 Kg8 38. Bg5 Kh7 1/2-1/2

[Event "Hofheim Spring op 6th"]
[Site "Hofheim"]
[Date "2018.04.05"]
[Round "4"]
[White "Nguyen, Alex Dac Vuong"]
[Black "Potluri, Saye Srreezza"]
[Result "0-1"]
[WhiteElo "2195"]
[BlackElo "1917"]
[PlyCount "78"]
[EventDate "2018.04.03"]
[EventType "swiss"]
[EventRounds "9"]
[EventCountry "GER"]
[SourceTitle "CBM 183 Extra"]
[Source "ChessBase"]
[SourceDate "2018.04.19"]
[SourceVersion "1"]
[SourceVersionDate "2018.04.19"]
[SourceQuality "1"]

1. e4 e6 2. d4 d5 3. e5 c5 4. c3 Qb6 5. Nf3 Nc6 6. a3 Nh6 7. b4 cxd4 8. cxd4 Nf5 9. Be3 Bd7 10. Nc3 Rc8 11. Rc1 Nxe3 12. fxe3 Nxb4 13. axb4 Qxb4 14. Qd3 Qa3 15. Kd2 Bb4 16. Be2 Ba4 17. Bd1 Qb2+ 18. Rc2 Rxc3 19. Qb5+ Bxb5 20. Rxb2 Rc4+ 21. Rxb4 Rxb4 22. Bc2 Ba4 23. Ra1 Bxc2 24. Rxa7 0-0 25. Kxc2 Rc8+ 26. Kd3 Rb3+ 27. Ke2 Rb2+ 28. Kd3 b5 29. Nd2 g6 30. e4 b4 31. exd5 exd5 32. Rd7 Rc3+ 33. Ke2 Rcc2 34. Rxd5 Rxd2+ 35. Ke3 Rxg2 36. Rd8+ Kg7 37. Ke4 Rbd2 38. h3 b3 39. Rb8 b2 0-1